<?xml version="1.0" encoding="UTF-8"?>
<record
    xmlns:xsi="http://www.w3.org/2001/XMLSchema-instance"
    xsi:schemaLocation="http://www.loc.gov/MARC21/slim http://www.loc.gov/standards/marcxml/schema/MARC21slim.xsd"
    xmlns="http://www.loc.gov/MARC21/slim">

  <leader>01359nam a22002297a 4500</leader>
  <datafield tag="999" ind1=" " ind2=" ">
    <subfield code="c">178</subfield>
    <subfield code="d">178</subfield>
  </datafield>
  <controlfield tag="003">OSt</controlfield>
  <controlfield tag="005">20190402133729.0</controlfield>
  <controlfield tag="008">160217b        xxu||||| |||| 00| 0 esp d</controlfield>
  <datafield tag="040" ind1=" " ind2=" ">
    <subfield code="c">DO-SdBHA</subfield>
    <subfield code="a">DO-SdBHA</subfield>
    <subfield code="b">spa</subfield>
  </datafield>
  <datafield tag="090" ind1=" " ind2=" ">
    <subfield code="a">TG EGAEE</subfield>
    <subfield code="b">00201 2008</subfield>
  </datafield>
  <datafield tag="100" ind1="1" ind2=" ">
    <subfield code="a">Col&#xF3;n Rosario, Delio Buenaventura </subfield>
    <subfield code="e">sustentante</subfield>
  </datafield>
  <datafield tag="245" ind1="1" ind2="0">
    <subfield code="a">Impacto de los centros tecnol&#xF3;gicos comunitarios en la Rep&#xFA;blica Dominicana 2004-2007 / </subfield>
    <subfield code="c">Delio Buenaventura Col&#xF3;n Rosario ; asesor Rafael Ant. Matos</subfield>
  </datafield>
  <datafield tag="260" ind1=" " ind2=" ">
    <subfield code="a">Santo Domingo :</subfield>
    <subfield code="b">INSUDE, </subfield>
    <subfield code="c">2008</subfield>
  </datafield>
  <datafield tag="300" ind1=" " ind2=" ">
    <subfield code="a">64 p&#xE1;ginas</subfield>
  </datafield>
  <datafield tag="502" ind1=" " ind2=" ">
    <subfield code="a">Tesis  (Maestr&#xED;a Defensa y Seguridad Nacional). -- Instituto Superior para la Defensa (INSUDE). Escuela de Graduados en Altos Estudios Estrat&#xE9;gico, 2008</subfield>
  </datafield>
  <datafield tag="504" ind1=" " ind2=" ">
    <subfield code="a">Incluye referencias bibliogr&#xE1;ficas e &#xED;ndices</subfield>
  </datafield>
  <datafield tag="505" ind1=" " ind2=" ">
    <subfield code="a"> Origen y evoluci&#xF3;n de los centros tecnol&#xF3;gicos comunitarios. --  Estrategias de desarrollo de los centros tecnol&#xF3;gicos comunitarios en la Rep&#xFA;blica Dominicana. -- Supervisor y distribuci&#xF3;n de los centros tecnol&#xF3;gicos comunitarios. -- Los centros tecnol&#xF3;gicos comunitarios y la Seguridad y Defensa Nacional.
</subfield>
  </datafield>
  <datafield tag="650" ind1=" " ind2="4">
    <subfield code="a">Centros comunales -- Tecnolog&#xED;a -- Rep&#xFA;blica Dominicana</subfield>
  </datafield>
  <datafield tag="700" ind1="1" ind2=" ">
    <subfield code="a">Matos, Rafael Ant. </subfield>
    <subfield code="e">asesor</subfield>
  </datafield>
  <datafield tag="830" ind1=" " ind2=" ">
    <subfield code="a">INSUDE. Escuela de Graduados en Altos Estudios Estrat&#xE9;gico. Tesis y disertaciones acad&#xE9;micas </subfield>
  </datafield>
  <datafield tag="942" ind1=" " ind2=" ">
    <subfield code="2">ddc</subfield>
    <subfield code="c">T</subfield>
  </datafield>
  <datafield tag="952" ind1=" " ind2=" ">
    <subfield code="0">0</subfield>
    <subfield code="1">0</subfield>
    <subfield code="2">CL</subfield>
    <subfield code="4">0</subfield>
    <subfield code="7">1</subfield>
    <subfield code="8">TG</subfield>
    <subfield code="a">BJHA</subfield>
    <subfield code="b">BJHA</subfield>
    <subfield code="d">2016-02-17</subfield>
    <subfield code="i">08-00201</subfield>
    <subfield code="l">0</subfield>
    <subfield code="o">TG EGAEE 00201 2008</subfield>
    <subfield code="p">08-00201</subfield>
    <subfield code="r">2018-10-06 00:00:00</subfield>
    <subfield code="t">e.1</subfield>
    <subfield code="w">2016-02-17</subfield>
    <subfield code="y">T</subfield>
  </datafield>
</record>
